| 000 | 00526nam a2200205Ia 4500 | ||
|---|---|---|---|
| 003 | IT-RoPAU | ||
| 008 | 120407s9999 xx 000 0 und d | ||
| 040 | _aIT-RoPAU | ||
| 040 | _cIT-RoPAU | ||
| 041 | _aita | ||
| 100 | _aGusti Gebhardt | ||
| 245 | _a"Noi diventiamo genitori. Gravidanza, parto, cure al neonato, educazione del bambino. Ed. it. a cura di Giambattista Garbelli." | ||
| 250 | _aMilano | ||
| 260 | _aEdizioni Paoline | ||
| 260 | _c1971 | ||
| 300 | _c cm | ||
| 490 | _v1 | ||
| 942 | _cBK | ||
| 999 |
_c14178 _d14178 |
||